Personnages Stranger Things - Mort Subite - Statistiques

Statistiques générales
  • Ce quiz a été pris 2 044 fois
    1 667 depuis la dernière actualisation
  • Le résultat moyen est 13 sur 22
Answers on the Grid
Answers color-coded by a green-red scale on the quiz's grid according to % correct below.
Onze
Billy
Holly
Jeff Hopper
Myke
Steve Harrington
Erica
Lucas
Jim Hopper
Karen
Brenner
Jenna
Steve Wilmington
Ted
Eddie
Barbara
Bustin
Connor Blake
Robin Buckley
Jason
Max Mayfield
Will Byers
Scott
Nancy
Tommy Hagan
Dustin Henderson
Topper
Joyce Byers
Mike
 
Statistiques - réponses
Réponse % Correct
Onze
92%
Billy
88%
Holly
78%
Steve Harrington
65%
Erica
63%
Lucas
63%
Barbara
62%
Eddie
62%
Jim Hopper
60%
Karen
59%
Mike
59%
Nancy
59%
Dustin Henderson
58%
Joyce Byers
58%
Max Mayfield
58%
Will Byers
58%
Brenner
57%
Robin Buckley
55%
Ted
52%
Jason
43%
Tommy Hagan
26%
Scott
25%
Aucun quiz correspondant
Distribution des résultats
% des personnes avec chaque résultat
Percentile par nombre de réponses
Votre historique - résultats
Vous n’avez pas pris ce quiz depuis la dernière actualisation